Chiapas : historia y geografía tercer grado

Gespeichert in:
Bibliographische Detailangaben
Körperschaften: México. Secretaría de Educación Pública. Subsecretaría de Educación Básica y Normal. Dirección General de Materiales y Métodos Educativos., Comisión Nacional de Libros de Texto Gratuitos. (México)
Weitere Verfasser: Gómez Moreno, Salvador.
Format: Buch
Sprache:Spanisch
Erschienen: México : Secretaría de Educación Pública : Comisión Nacional de los Libros de Texto Gratuitos , 1996
Katalog:MANES:  Suchergebnis im Bibliothekskatalog
Schulbuchspezifische Eigenschaften:
Schriftenreihe:Libro de texto gratuito
Schlagworte:
Tags: Tag hinzufügen
Keine Tags, Fügen Sie den ersten Tag hinzu!
Hinzugefügt zu:24.04.2008
Geändert in:08.05.2025

MARC

LEADER 00000cam a2200000 a 4500
003 OSt
005 20250508092018.0
008 080425n1996 mx f 000 0 spa d
020 |a 9682960134 
050 0 4 |a LTG LB1582.M4.3  |b CH5 3º 1996 
051 0 4 |a LTG LB1582.M4.3-CH5 3º 1996 
110 2 |a México.  |b Secretaría de Educación Pública.  |b Subsecretaría de Educación Básica y Normal.  |b Dirección General de Materiales y Métodos Educativos.  |9 24461 
245 0 0 |a Chiapas :  |b historia y geografía tercer grado /  |c Salvador Gómez Moreno...[et al.]. 
260 |a México :  |b Secretaría de Educación Pública :  |b Comisión Nacional de los Libros de Texto Gratuitos ,  |c 1996 
300 |a 159 p. ;  |b il. ,col. ;  |c 27 cm. 
440 |a Libro de texto gratuito  |9 21882 
546 |a México 
561 |5 mx-CINVES  |a México. DIE-Cinvestav (Ciudad de México)  |k MANES 
651 4 |a Chiapas  |x Educación primaria  |x Geografía.  |9 45682 
691 0 |a PRI 
700 1 |a Gómez Moreno, Salvador. 
710 2 |a Comisión Nacional de Libros de Texto Gratuitos. (México)  |9 24074 
910 |a E-34586  |b don.- 1996 
911 |a E-34586 
942 |2 ddc  |c BK 
999 |c 54421  |d 54421 
999 |c manes:54421  |d 54421